Application of Digitised Accounting Information in the Strategic Management Processes of Undertakings in the Slovak Republic

Saved in:
Bibliographic Details
Main Author: Lovciová, Kornélia, 1983-
Other Authors: Pakšiová, Renáta, 1974-
Format: Book Chapter
Language:English
Tags: Add Tag
No Tags, Be the first to tag this record!

MARC

LEADER 00000nla a2200000 4500
001 0243738
005 20240502083652.6
041 0 |a eng 
044 |a RS 
245 1 0 |a Application of Digitised Accounting Information in the Strategic Management Processes of Undertakings in the Slovak Republic  |c Kornélia Lovciová, Renáta Pakšiová 
500 |a Abstrakt 
100 1 |a Lovciová, Kornélia, 1983- 
700 1 |a Pakšiová, Renáta, 1974-